| 000 | 00940nam a22001817a 4500 | ||
|---|---|---|---|
| 999 |
_c59027 _d59027 |
||
| 003 | Ge_BSU | ||
| 005 | 20221102104516.0 | ||
| 008 | 221102s2006 ge ||||| |||| 00| 0 geo d | ||
| 041 | _ageo | ||
| 080 | _a657.15(075.8) ძ-34 | ||
| 100 |
_aძაძამია, რევაზ _9885 |
||
| 245 |
_aფინანსური აღრიცხვა და ანგარიშგება მცირე საწარმოებში / _cავტ. რევაზ ძაძამია ; [რედ. ლავრენტი ჭუმბურიძე ; ბუღალტერთა მომზადების ცენტრი. |
||
| 264 |
_aთბილისი: _bდანი, _c2006. |
||
| 300 |
_a364 გვ. ; _b20 სმ. |
||
| 653 | _aფინანსური აღრიცხვა | ||
| 700 |
_aჭუმბურიძე, ლავრენტი _eრედაქტორი _915719 |
||
| 942 |
_2udc _cBK |
||